Word Addition - Statistics

General Stats
  • This quiz has been taken 10,813 times
  • The average score is 14 of 24
Answer Stats
Hint Word % Correct
chair + monarch throne
91%
map + sphere globe
86%
slug + shell snail
84%
crime + fire arson
83%
rock + large boulder
83%
vehicle + medicine ambulance
82%
Russia + king tsar
80%
feather + writing quill
73%
stick + small twig
69%
betrayal + country treason
66%
tooth + snake fang
64%
vehicle + corpse hearse
62%
crawl + snake slither
60%
siblings + puppies litter
55%
bugle + valves trumpet
49%
convoy + desert caravan
48%
Brazil + slum favela
47%
geese + group gaggle
47%
Eurasia + grassland steppe
43%
Alps + cabin chalet
35%
spear + long pike
19%
Passover + feast seder
18%
corundum + red ruby
17%
glass + brandy snifter
17%
No matching quizzes found
Score Distribution
Percent of People with Each Score
Percentile by Number Answered
Your Score History
You have not taken this quiz